000 00625nam a2200217Ia 4500
005 20250508161714.0
008 008 250505s9999 xx 000 0 eng d
020 _a81-900369-4-7
037 _aReference
040 _aFEDL
_beng
_cFEDL
041 _aeng
_2eng
084 _a807, JEN
_qFEDL
100 _aJenkinson Edward B Ed.
_9771407
245 0 _aTeaching literature in grades ten through twelve
260 _aLondon, UK
_bIndiana University Press
_c1968
300 _ax,371p.
546 _aMACESE
700 _a Daghlian Philip B Ed.
_9771408
942 _cREF
_h807, JEN
999 _c1371646
_d1371646